Riconosci il Pokémon - Quiz n°611 - Statistics

Statistiche generali
  • Questo quiz è stato fatto 2 volte
  • Il punteggio medio è 4 su 10
Statistiche sulle risposte
Indizio Riposta % Corretto
Tipo Folletto
100%
Generazione Nona
100%
Stadio evoluzione Prima evoluzione
100%
Altezza 0,5 m
50%
Peso 14,9 kg
0%
Sesso 50% ♂, 50% ♀
0%
Tasso di cattura 90 (20.1%)
0%
Abilità Bentostato; Aromavelo
0%
Pokémon Dachsbun
0%
Tasso di allevamento Medio-Lento
0%
Nessun quiz corrispondente trovato
Distribuzione punteggi
Percentuale di utenti per punteggio
Percentile per numero di risposta
I tuoi punteggi nel tempo
Non hai fatto questo quiz